Señales inadvertidas

Збережено в:
Бібліографічні деталі
Автор: Garbarino M., Mario (Автор)
Формат: Книга
Мова:Іспанська
Опубліковано: Santiago s.n 1986
Предмети:
Теги: Додати тег
Немає тегів, Будьте першим, хто поставить тег для цього запису!

MARC

LEADER 00000nam a2200000 a 4500
001 UCX1855
003 CL-VaPUC
008 901112e19860000CL |||||||||||||||||spa|d
082 0 4 |a Ch863  |b GAR  |2 21 
100 |a Garbarino M., Mario  |e author  |9 536900 
245 1 0 |a Señales inadvertidas 
300 |a 337 p 
942 |c BK 
945 |d 19901112 00:00:00 
260 |a Santiago  |b s.n  |c 1986 
650 0 |a Novelas chilenas   |9 265425 
583 |a last modification  |c 20120708 10:04:17  |k Rodrigo Vera 
999 |c 222997  |d 222995 
952 |0 0  |1 0  |4 0  |6 CH_863_000000000000000_GAR_1986  |7 0  |8 A  |9 218364  |a BIBEDU  |b BIBEDU  |d 2019-11-15  |i 2872056  |o Ch863 GAR 1986  |p 2872056  |r 2019-11-15  |w 2019-11-15  |y BK  |k LIT